000 00450pab a2200193 454500
008 180718b2013 xxu||||| |||| 00| 0 eng d
100 _aThakur, Jaylaxmi
245 _aStatus of tribal customary law
260 _c2013
300 _ap.4-9.
362 _a8 Apr
650 _aTribes
650 _aCustomary law
700 _aMishra, Anand Murti
700 _aKolay, Swapan Kumar
773 _aUniversity News
908 _aN
909 _a99299
999 _c99298
_d99298